Quiz da Itália - Statistics

Estatísticas Gerais
  • Esse quiz foi jogado 9 945 vezes
  • A pontuação média é 16 de 33
Estatísticas das Respostas
Dica Resposta % Correto
Capital Roma
99%
Conhecido pela torre de ___ Pisa
77%
Países fazendo fronteira França
75%
Capital da moda Milão
74%
Pintor da "Capela Sistina" Michelangelo
72%
Famoso por seus canais Veneza
72%
Figura mais importante do Alto Renascimento Leonardo da Vinci
71%
Países fazendo fronteira Suíça
67%
Pai da Astronomia Galileu Galilei
61%
Países fazendo fronteira Vaticano
60%
Países fazendo fronteira Áustria
58%
Países fazendo fronteira San Marino
55%
Vulcão que destruiu Pompeia Monte Vesúvio
52%
Capital da moda (Italiano) Milano
51%
Países fazendo fronteira Eslovénia
49%
Nome do Campeonato Italiano de Futebol Serie A
49%
Duas maiores ilhas Sicília
48%
Origem da pizza Nápoles
45%
Fundadores de Roma Rômulo
45%
Fundadores de Roma Remo
44%
Origem da pizza (Italiano) Napoli
43%
Famoso por seus canais (Italiano) Venezia
39%
Sede dos Jogos Olímpicos de Inverno de 2006 Turim
37%
Capital da Toscana Florença
36%
Rio mais longo Rio Pó
35%
Primeiro imperador Romano Augusto
34%
Duas maiores ilhas Sardenha
33%
Sede dos Jogos Olímpicos de Inverno de 2006 (Italiano) Torino
29%
Moeda oficial (1861-2002) Lira
24%
Capital da Toscana (Italiano) Firenze
22%
Vulcão mais alto Monte Etna
22%
Montanha mais alta Monte Branco
14%
Pioneiro do rádio Guglielmo Marconi
11%
Nenhum quiz correspondente encontrado
Distribuição das Pontuações
Porcentagem de Pessoas com Cada Pontuação
Percentil de Números Respondidos
Sua Pontuação Histórica
Você não jogou esse quiz